<?xml version="1.0" encoding="UTF-8"?>
<collection xmlns="http://www.loc.gov/MARC21/slim">
 <record>
  <leader>03522cam a2200661 c 4500</leader>
  <controlfield tag="001">184232651</controlfield>
  <controlfield tag="003">DE-627</controlfield>
  <controlfield tag="005">20221214110810.0</controlfield>
  <controlfield tag="007">tu</controlfield>
  <controlfield tag="008">950511s1973    gw ||||| m    00| ||ger c</controlfield>
  <datafield tag="015" ind1=" " ind2=" ">
   <subfield code="a">73,A41,0645</subfield>
   <subfield code="2">dnb</subfield>
  </datafield>
  <datafield tag="016" ind1="7" ind2=" ">
   <subfield code="a">730323129</subfield>
   <subfield code="2">DE-101</subfield>
  </datafield>
  <datafield tag="020" ind1=" " ind2=" ">
   <subfield code="a">3784744117</subfield>
   <subfield code="9">3-7847-4411-7</subfield>
  </datafield>
  <datafield tag="035" ind1=" " ind2=" ">
   <subfield code="a">(DE-627)184232651</subfield>
  </datafield>
  <datafield tag="035" ind1=" " ind2=" ">
   <subfield code="a">(DE-576)004765206</subfield>
  </datafield>
  <datafield tag="035" ind1=" " ind2=" ">
   <subfield code="a">(DE-599)GBV184232651</subfield>
  </datafield>
  <datafield tag="035" ind1=" " ind2=" ">
   <subfield code="a">(OCoLC)600554281</subfield>
  </datafield>
  <datafield tag="035" ind1=" " ind2=" ">
   <subfield code="a">(OCoLC)00845212</subfield>
  </datafield>
  <datafield tag="040" ind1=" " ind2=" ">
   <subfield code="a">DE-627</subfield>
   <subfield code="b">ger</subfield>
   <subfield code="c">DE-627</subfield>
   <subfield code="e">rakwb</subfield>
  </datafield>
  <datafield tag="041" ind1=" " ind2=" ">
   <subfield code="a">ger</subfield>
   <subfield code="a">lat</subfield>
  </datafield>
  <datafield tag="044" ind1=" " ind2=" ">
   <subfield code="c">XA-DE</subfield>
  </datafield>
  <datafield tag="050" ind1=" " ind2="0">
   <subfield code="a">DD163.5</subfield>
  </datafield>
  <datafield tag="082" ind1="0" ind2=" ">
   <subfield code="a">943.02</subfield>
   <subfield code="q">OCLC</subfield>
  </datafield>
  <datafield tag="084" ind1=" " ind2=" ">
   <subfield code="a">14a</subfield>
   <subfield code="2">sdnb</subfield>
  </datafield>
  <datafield tag="084" ind1=" " ind2=" ">
   <subfield code="a">NM 7380</subfield>
   <subfield code="2">rvk</subfield>
   <subfield code="0">(DE-625)rvk/126415:</subfield>
  </datafield>
  <datafield tag="084" ind1=" " ind2=" ">
   <subfield code="a">15.33</subfield>
   <subfield code="2">bkl</subfield>
  </datafield>
  <datafield tag="100" ind1="1" ind2=" ">
   <subfield code="a">Schütz, Alois</subfield>
   <subfield code="d">1944-2017</subfield>
   <subfield code="0">(DE-588)1275510116</subfield>
   <subfield code="0">(DE-627)1827022124</subfield>
   <subfield code="4">aut</subfield>
  </datafield>
  <datafield tag="245" ind1="1" ind2="4">
   <subfield code="a">Die Prokuratorien und Instruktionen Ludwigs des Bayern für die Kurie (1331 - 1345)</subfield>
   <subfield code="b">ein Beitrag zu seinem Absolutionsprozeß</subfield>
   <subfield code="c">von Alois Schütz</subfield>
  </datafield>
  <datafield tag="264" ind1=" " ind2="1">
   <subfield code="a">Kallmünz (Opf.)</subfield>
   <subfield code="b">Lassleben</subfield>
   <subfield code="c">1973</subfield>
  </datafield>
  <datafield tag="300" ind1=" " ind2=" ">
   <subfield code="a">VII, 339 S.</subfield>
  </datafield>
  <datafield tag="336" ind1=" " ind2=" ">
   <subfield code="a">Text</subfield>
   <subfield code="b">txt</subfield>
   <subfield code="2">rdacontent</subfield>
  </datafield>
  <datafield tag="337" ind1=" " ind2=" ">
   <subfield code="a">ohne Hilfsmittel zu benutzen</subfield>
   <subfield code="b">n</subfield>
   <subfield code="2">rdamedia</subfield>
  </datafield>
  <datafield tag="338" ind1=" " ind2=" ">
   <subfield code="a">Band</subfield>
   <subfield code="b">nc</subfield>
   <subfield code="2">rdacarrier</subfield>
  </datafield>
  <datafield tag="490" ind1="1" ind2=" ">
   <subfield code="a">Münchener historische Studien</subfield>
   <subfield code="a">Abteilung Geschichtliche Hilfswissenschaften / Philosophische Fakultät</subfield>
   <subfield code="v">11</subfield>
  </datafield>
  <datafield tag="502" ind1=" " ind2=" ">
   <subfield code="a">Zugl.: München, Univ., Diss., 1970</subfield>
  </datafield>
  <datafield tag="653" ind1=" " ind2="0">
   <subfield code="a">Ludwig</subfield>
   <subfield code="a">IV</subfield>
   <subfield code="a">Emperor of Germany</subfield>
   <subfield code="a">1287-1347</subfield>
  </datafield>
  <datafield tag="653" ind1=" " ind2="0">
   <subfield code="a">Holy Roman Empire</subfield>
   <subfield code="a">Kings and rulers</subfield>
   <subfield code="a">Biography</subfield>
  </datafield>
  <datafield tag="653" ind1=" " ind2="0">
   <subfield code="a">Holy Roman Empire</subfield>
   <subfield code="a">History</subfield>
   <subfield code="a">1273-1517</subfield>
  </datafield>
  <datafield tag="653" ind1=" " ind2="0">
   <subfield code="a">Absolution</subfield>
  </datafield>
  <datafield tag="655" ind1=" " ind2="7">
   <subfield code="a">Hochschulschrift</subfield>
   <subfield code="0">(DE-588)4113937-9</subfield>
   <subfield code="0">(DE-627)105825778</subfield>
   <subfield code="0">(DE-576)209480580</subfield>
   <subfield code="2">gnd-content</subfield>
  </datafield>
  <datafield tag="689" ind1="0" ind2="0">
   <subfield code="d">p</subfield>
   <subfield code="0">(DE-588)118574957</subfield>
   <subfield code="0">(DE-627)079370225</subfield>
   <subfield code="0">(DE-576)209018607</subfield>
   <subfield code="a">Ludwig</subfield>
   <subfield code="b">IV.</subfield>
   <subfield code="c">der Bayer, Heiliges Römisches Reich, Kaiser</subfield>
   <subfield code="d">1282-1347</subfield>
   <subfield code="2">gnd</subfield>
  </datafield>
  <datafield tag="689" ind1="0" ind2="1">
   <subfield code="d">s</subfield>
   <subfield code="0">(DE-588)4141121-3</subfield>
   <subfield code="0">(DE-627)105622818</subfield>
   <subfield code="0">(DE-576)209708638</subfield>
   <subfield code="a">Absolution</subfield>
   <subfield code="2">gnd</subfield>
  </datafield>
  <datafield tag="689" ind1="0" ind2="2">
   <subfield code="a">z</subfield>
   <subfield code="2">gnd</subfield>
   <subfield code="a">Geschichte 1331-1345</subfield>
  </datafield>
  <datafield tag="689" ind1="0" ind2=" ">
   <subfield code="5">(DE-627)</subfield>
  </datafield>
  <datafield tag="751" ind1=" " ind2=" ">
   <subfield code="a">München</subfield>
   <subfield code="0">(DE-588)4127793-4</subfield>
   <subfield code="0">(DE-627)105722073</subfield>
   <subfield code="0">(DE-576)209596570</subfield>
   <subfield code="4">uvp</subfield>
  </datafield>
  <datafield tag="787" ind1="0" ind2="8">
   <subfield code="i">Rezension</subfield>
   <subfield code="a">Rapp, Francis, 1926 - 2020</subfield>
   <subfield code="t">[Rezension von: Schütz, Alois, Die Prokuratorien und Instruktionen Ludwigs des Bayern für die Kurie (1331 - 1345), ein Beitrag zu seinem Absolutionsprozeß]</subfield>
   <subfield code="d">1977</subfield>
   <subfield code="w">(DE-627)641105088</subfield>
  </datafield>
  <datafield tag="787" ind1="0" ind2="8">
   <subfield code="i">Rezensiert in</subfield>
   <subfield code="a">Rapp, Francis, 1926 - 2020</subfield>
   <subfield code="t">[Rezension von: Alois Schütz, Die Prokuratorien und Instruktionen Ludwigs des Bayern für die Kurie (1331-1345)]</subfield>
   <subfield code="d">München : Artemis Verlag, 1977</subfield>
   <subfield code="w">(DE-627)1577947002</subfield>
   <subfield code="w">(DE-576)507947002</subfield>
  </datafield>
  <datafield tag="830" ind1=" " ind2="0">
   <subfield code="a">Münchener historische Studien / Abteilung Geschichtliche Hilfswissenschaften</subfield>
   <subfield code="v">11</subfield>
   <subfield code="9">11</subfield>
   <subfield code="w">(DE-627)130107654</subfield>
   <subfield code="w">(DE-576)015640558</subfield>
   <subfield code="w">(DE-600)503358-5</subfield>
   <subfield code="x">0541-2447</subfield>
   <subfield code="7">am</subfield>
  </datafield>
  <datafield tag="889" ind1=" " ind2=" ">
   <subfield code="w">(DE-627)431124671</subfield>
  </datafield>
  <datafield tag="935" ind1=" " ind2=" ">
   <subfield code="i">Blocktest</subfield>
  </datafield>
  <datafield tag="936" ind1="r" ind2="v">
   <subfield code="a">NM 7380</subfield>
   <subfield code="b">Ludwig IV., der Bayer (1314 - 1347)</subfield>
   <subfield code="k">Geschichte</subfield>
   <subfield code="k">Geschichte des Mittelalters</subfield>
   <subfield code="k">Abendländische Geschichte im Mittelalter nach Zeitabschnitten</subfield>
   <subfield code="k">Spätmittelalter (1250 - 1519)</subfield>
   <subfield code="k">Vom Interregnum bis zum Tode Kaiser Karls IV. (1254 - 1378)</subfield>
   <subfield code="k">Ludwig IV., der Bayer (1314 - 1347)</subfield>
   <subfield code="0">(DE-627)1271462729</subfield>
   <subfield code="0">(DE-625)rvk/126415:</subfield>
   <subfield code="0">(DE-576)201462729</subfield>
  </datafield>
  <datafield tag="936" ind1="b" ind2="k">
   <subfield code="a">15.33</subfield>
   <subfield code="j">Hoch- und Spätmittelalter</subfield>
   <subfield code="q">coli-conc RVK-&gt;BK</subfield>
   <subfield code="q">https://coli-conc.gbv.de/api/mappings/60459f8e-5cf3-495f-b29b-ffec5c726ba7</subfield>
   <subfield code="0">(DE-627)181571560</subfield>
  </datafield>
  <datafield tag="951" ind1=" " ind2=" ">
   <subfield code="a">BO</subfield>
  </datafield>
  <datafield tag="990" ind1=" " ind2=" ">
   <subfield code="a">Ludwig &lt;IV., der Bayer, Heiliges Römisches Reich, Kaiser&gt; </subfield>
  </datafield>
  <datafield tag="990" ind1=" " ind2=" ">
   <subfield code="a">Absolution</subfield>
  </datafield>
  <datafield tag="990" ind1=" " ind2=" ">
   <subfield code="a">Geschichte 1331-1345</subfield>
  </datafield>
  <datafield tag="991" ind1=" " ind2=" ">
   <subfield code="a">Rezensiertes Werk</subfield>
  </datafield>
  <datafield tag="999" ind1=" " ind2=" ">
   <subfield code="a">KXP-PPN184232651</subfield>
   <subfield code="e">4732115799</subfield>
  </datafield>
 </record>
</collection>
